| 000 | 00481nam a22001937a 4500 | ||
|---|---|---|---|
| 003 | OSt | ||
| 005 | 20180116183049.0 | ||
| 008 | 160727b xxu||||| |||| 00| 0 eng d | ||
| 020 | _a0 | ||
| 040 | _c0 | ||
| 082 | _a658 ROB 1962 | ||
| 100 | _aStephen P. Robbins | ||
| 245 |
_aManagement _cStephen P. Robbins |
||
| 250 | _aInternational Edition | ||
| 260 |
_a Rawalpindi _bS.T. Printers Rawalpindi _c1962 |
||
| 300 |
_a674 p. _bPB |
||
| 440 | _aManagement | ||
| 942 |
_2ddc _cBK |
||
| 999 |
_c351559 _d351559 |
||